00436nam a22001457a 4500020001800000082001400018100002000032245003700052260004100089300000800130650003100138942000700169952009700176999001700273 a9788192116792 a920.7 BHA aBharat, Bhushan aMemoirs of a Da;ot Civil Servant aHyderabadbBhoomi PUblicationsc2015 a371 autobiography-Barat Bhushan cBK 00104070aHMIbHMId2015-09-08g395.00l0o920.7 BHAp11-3313r2015-09-08w2015-09-08yGSB c19681d19681